| 000 | 00368nam a2200157Ia 4500 | ||
|---|---|---|---|
| 008 | 230917s9999||||xx |||||||||||||| ||und|| | ||
| 040 |
_e72528 _aMAIN |
||
| 041 | _aEnglish | ||
| 082 | _a658.54 G552P | ||
| 100 | _aGoel, B S | ||
| 245 | 0 | _aProduction operations management | |
| 250 | _a8th ed. | ||
| 260 |
_aMeerut _bPragati _c1995 |
||
| 300 | _a518 p. | ||
| 942 | _cBK | ||
| 999 |
_c89909 _d89909 |
||